000 00337nam a2200133Ia 4500
008 151001s9999||||xx |||||||||||||| ||und||
100 _aबाळ फोंडके
245 _aकसं
250 _a5
260 _bमनोविकास प्रकाशन पुणे
260 _c2013
300 _a83
365 _b23
999 _c999017
_d999014